| 000 | 00353nam a2200145Ia 4500 | ||
|---|---|---|---|
| 008 | 230312s9999||||xx |||||||||||||| ||und|| | ||
| 020 | _a81-239-0273-5 | ||
| 082 |
_a612 _bGUP-I |
||
| 100 | _aGupta;Ashok.K | ||
| 245 | 0 | _aIntroduction to Pharmaceutics-I | |
| 260 |
_bCBS _aIndia _c2013 |
||
| 300 | _a313 | ||
| 650 |
_aPharmacy _vPharmaceutics |
||
| 942 | _cBK | ||
| 999 |
_c9879 _d9879 |
||